000 00650nam a2200229Ia 4500
003 OSt
005 20221007071950.0
006 a|||||r|||| 00| 0
007 ta
008 221006b |||||||| |||| 00| 0 eng d
024 _a18,190
037 _cTextual
040 _aFLL
_cFLL
_beng
041 _2eng
_aeng
082 _aY79X.5:Z, M1
100 _aBebr Gerhard Au.
_9689754
245 0 _aDevelopment of judicial control of the european communities
260 _aLondon
_bMartinus Nijoff Pub. England
_c1981
300 _axviii,822p
_ccm.
942 _hY79X.5:Z, M1
_cTEXL
_2CC
999 _c1144810
_d1144810